000 00456nam a2200193Ia 4500
001 14803
003 GE_BSU
008 181216s||||||||xx |||||||||||||| ||und||
040 _cGE_BSU
080 _a519.6
100 _aАршинов,М.Н.
245 _aКоды и математика
260 _aМосква
260 _bНаука
260 _c1983
300 _a143стр.20см.
653 _aКоды и математика
942 _cBK
999 _c47926
_d47926